Russian federal subjects with over 2,000,000 people with map - Statistics

General Stats
  • This quiz has been taken 454 times
    128 since last reset
  • The average score is 17 of 22
Answers on the Map
Answers color-coded by a green-red scale on the quiz's map according to % correct below.
 
Answer Stats
Answer Population % Correct
Moscow 12,692,466
98%
Moscow Oblast 7,687,647
98%
Krasnoyarsk Krai 2,867,875
89%
Rostov Oblast 4,195,327
89%
Saint Petersburg 5,392,992
89%
Dagestan 3,111,353
85%
Irkutsk Oblast 2,390,827
83%
Krasnodar Krai 5,677,786
83%
Volgograd Oblast 2,491,751
83%
Novosibirsk Oblast 2,798,251
82%
Tatarstan 3,902,642
81%
Nizhny Novgorod Oblast 3,203,818
80%
Perm Krai 2,599,301
80%
Samara Oblast 3,179,026
76%
Altai Krai 2,317,052
74%
Chelyabinsk Oblast 3,466,960
74%
Saratov Oblast 2,421,785
71%
Voronezh Oblast 2,323,657
70%
Bashkortostan 4,037,811
66%
Stavropol Krai 2,803,021
63%
Sverdlovsk Oblast 4,310,861
62%
Kemerovo Oblast 2,657,758
57%
No matching quizzes found
Score Distribution
Percent of People with Each Score
Percentile by Number Answered
Your Score History
You have not taken this quiz since the last reset